| 000 | 00893nam a2200217 i 4500 | ||
|---|---|---|---|
| 001 | 90644 | ||
| 003 | ES-MaACL | ||
| 005 | 20250928115812.0 | ||
| 007 | t| | ||
| 008 | 050124s1913 fr ||||1| fre d | ||
| 100 | 1 |
_aLenôtre, G. _971542 |
|
| 245 | 1 | 3 |
_aLe drame de Varennes juin 1791 _b: d'après des documents inédits et les relations des témoins oculaires / _cG. Lenôtre ; portraits, plans, dessins inédits de Gérardin ; gravures sur bois de Deloche. |
| 260 |
_aParis : _bPerrin, _c1913. |
||
| 300 |
_a404 p., [8 h. de lám.] : _bil. ; _c20 cm. |
||
| 600 | 1 | 7 |
_aFersen, Hans Axel von, _d1755-1810 _2 _9159703 |
| 600 | 0 | 4 |
_aMaría Antonieta _cReina consorte de Luis XVI, Rey de Francia. _976657 |
| 600 | 0 | 7 |
_aLuis _bXVI, _cRey de Francia _2 _9152778 |
| 651 | 4 |
_aFrancia- _xHistoria- _y1789-1799, Revolución _9241176 |
|
| 852 |
_aES-MaACL _jF-4679 |
||
| 999 |
_c90644 _d90644 |
||